000 00258nam a22001217a 4500
040 _cHS
082 _a338 COL 1993 C089
100 _aCOLIN PRICE
245 _aTime, discounting & value
260 _aUSA
_bCOLIN PRICE
_c1993
300 _a393p;
942 _cEK
999 _c11160
_d11160